000 00972nam a22003137a 4500
001 000670
003 DO-SdBPM
005 20250331122742.0
007 000670
008 161109b2006 ag a |||| 00| 0 spa d
020 _a9789870403470
040 _aDO-SdBPM
_bspa
_cBPMSU
082 4 _aA863.44
_bG188c 2011
_222
100 1 _aGambaro, Griselda
245 1 0 _aEl caballo que tenía un sueño /
_cGriselda Gambaro ; ilustraciones de Nancy Fiorini.
250 _a2a. ed., 4ª reimp.
260 _aBuenos Aires :
_bAlfaguara,
_c 2011
_f
300 _a37 p. :
_bil. ;
_c19 cm.
490 0 _aAlfaguara infantil ;
_aAmarilla
500 _a
500 _aIncluye datos de la autora
521 _aA partir de 6 años.
590 _aInventariado, 2025/VM
650 4 _aCuentos infantiles argentinos
650 4 _aLibros ilustrados para niños
700 1 _aFiorini, Nancy,
_eilustración
910 _aVMateo V. Control de calidad. BPMSU
942 _2ddc
_cBK
999 _c11876
_d11876